Tennis - Steffi Graf quiz - Statistics

General Stats
  • This quiz has been taken 84 times
  • The average score is 11 of 15
Answer Stats
Hint Answer % Correct
Which Grand Slam tournament has she "only" won 4 times ? Australian open
97%
Which tennis great did she marry in 2001 ? Andre Agassi
89%
Which incredible year saw her win all four majors, an Olympic gold medal and 6 other tournaments, and lose only 3 matches? 1988
85%
What was her singles ranking when she retired ? 3
80%
Which was her most feared weapon ? Forehand
77%
How many Grand Slam finals did she play in singles ? 31
76%
Her latest, and most dramatic Grand Slam victory came at the expense of this young star (who definitely didn't show her best side that day) Martina Hingis
76%
Who did she play (and beat) in her first Grand slam final in 1987 ? Martina Navratilova
76%
Which rival (and favorite doubles partner) has she played most against (40 times) ? Gabriela Sabatini
70%
What brand of sneakers did she wear throughout her career ? Adidas
68%
Only player to have a better career win/loss ratio than Graf (90.1% to 88.7%) Chris Evert
65%
Which player punished her 6/0 6/2 in the 1991 French Open semi finals ? Arantxa Sanchez Vicario
56%
How many weeks did she spend at the top of the rankings ? 377
55%
How long did it take her to win her second French Open final (againt Natasha Zvereva) ? 34 minutes
53%
With which player did she team up to reach her best result in a mixed doubles slam tournament (Wimbledon semi final in 1999) John McEnroe
53%
No matching quizzes found
Score Distribution
Percent of People with Each Score
Percentile by Number Answered
Your Score History
You have not taken this quiz